សុវុឌ្ឍិកម្មព្រៃសម្បទានខេត្តកោះកុងឆ្នាំ១៩៩២ (Record no. 3025)

000 -LEADER
fixed length control field 00510nam a22001577a 4500
003 - CONTROL NUMBER IDENTIFIER
control field OSt
005 - DATE AND TIME OF LATEST TRANSACTION
control field 20151103094947.0
008 - FIXED-LENGTH DATA ELEMENTS--GENERAL INFORMATION
fixed length control field 151103b xxu||||| |||| 00| 0 eng d
040 ## - CATALOGING SOURCE
Transcribing agency RUA
082 ## - DEWEY DECIMAL CLASSIFICATION NUMBER
Classification number FOR គល់ 1992 B118 Or.1
100 ## - MAIN ENTRY--PERSONAL NAME
9 (RLIN) 3239
Personal name គល់ វឌ្ឍនា
245 ## - TITLE STATEMENT
Title សុវុឌ្ឍិកម្មព្រៃសម្បទានខេត្តកោះកុងឆ្នាំ១៩៩២
260 ## - PUBLICATION, DISTRIBUTION, ETC. (IMPRINT)
Place of publication, distribution, etc. Phnom Penh
Name of publisher, distributor, etc. RUA
Date of publication, distribution, etc. 1992
300 ## - PHYSICAL DESCRIPTION
Extent 99p.
Other physical details ill.
Dimensions 29cm.
942 ## - ADDED ENTRY ELEMENTS (KOHA)
Source of classification or shelving scheme
Koha item type FOR
Holdings
Price effective from Date last seen Permanent Location Not for loan Date acquired Source of classification or shelving scheme Koha item type Barcode Lost status Damaged status Shelving location Withdrawn status Current Location Full call number
2015-11-032015-11-03Library Block B 2015-11-03 FORRUA027901  B118 Library Block BFOR គល់ 1992 B118 Or.1
2015-11-032015-11-03Library Block B 2015-11-03 FORRUA026031  B118 Library Block BFOR គល់ 1992 B118 Or.2
មជ្ឈមណ្ឌលឯការនៃសាកលវិទ្យាល័យភូមិន្ទកសិកម្មចំការដូង

Powered by Koha